000 00554cam a2200217ua 4500
001 11633
005 20260515114758.0
008 191014n ii |||gr||||Z||||||eng
020 _a9788183701556
040 _cMAIN
041 _aeng
082 _a323.352
100 _aRajkumar Manisana Singh,
_eAuthor.,
245 _aRights of the child in India
_cBy Rajkumar Manisana Singh
250 _a1st ed.
260 _aNew Delhi:
_bAkansha,
_c2009.
300 _a112p.
653 _aCivil & political rights
653 _aChildren rights
942 _cBK
999 _c10433
_d10433